Toxicología / (Record no. 21360)

MARC details
000 -LEADER
campo de control de longitud fija 00647nam a2200205 i 4500
001 - NÚMERO DE CONTROL
campo de control 21360
003 - IDENTIFICADOR DE NÚMERO DE CONTROL
campo de control ES-MaACL
005 - FECHA Y HORA DE LA ÚLTIMA TRANSACCIÓN
campo de control 20230906152450.0
007 - CAMPO FIJO DE DESCRIPCIÓN FÍSICA--INFORMACIÓN GENERAL
campo de control de longitud fija t|
008 - DATOS DE LONGITUD FIJA--INFORMACIÓN GENERAL
campo de control de longitud fija 021125s1972 sp |||| | spa d
100 1# - ENTRADA PRINCIPAL--NOMBRE DE PERSONA
Nombre de persona Alberich Hidalgo, Federico.
9 (RLIN) 19284
245 10 - MENCIÓN DEL TÍTULO
Título Toxicología /
Mención de responsabilidad, etc. por Federico Alberich Hidalgo, Castaño López Mesas, Guaita Egea (médicos forenses).
260 ## - PUBLICACIÓN, DISTRIBUCIÓN, ETC.
Lugar de publicación, distribución, etc. Madrid :
Nombre del editor, distribuidor, etc. Contestaciones Pons,
Fecha de publicación, distribución, etc. 1972.
300 ## - DESCRIPCIÓN FÍSICA
Extensión 122 fol. ;
Dimensiones 30 cm.
500 ## - NOTA GENERAL
Nota general Ejemplar multicopista.
650 #4 - PUNTO DE ACCESO ADICIONAL DE MATERIA--TÉRMINO DE MATERIA
Término de materia o nombre geográfico como elemento de entrada Toxicología.
9 (RLIN) 136941
700 1# - ENTRADA AGREGADA--NOMBRE PERSONAL
Nombre de persona Castaño López-Mesas.
9 (RLIN) 36439
700 1# - ENTRADA AGREGADA--NOMBRE PERSONAL
Nombre de persona Guaita Egea.
9 (RLIN) 60277
852 ## - LOCALIZACIÓN
Ubicación ES-MaACL
Número de control de estantería C-51842
Holdings
Estatus retirado Estado de pérdida Estado de daño No para préstamo Biblioteca de origen Biblioteca actual Ubicación en estantería Fecha de adquisición Fuente de adquisición Total de préstamos Signatura topográfica completa Código de barras Visto por última vez Precio de reemplazo Tipo de ítem Koha
        Biblioteca del Ateneo de Madrid Biblioteca del Ateneo de Madrid Depósito 2 17/01/2008     C-51842 1021946 23/02/2023 23/02/2023 Libro impreso